[Event "AUTO-INT-2465"]
[Site "http://www.queenalice.com/game.php?id=1114199"]
[Date "2012.10.19"]
[Round "1"]
[White "kuntakinte"]
[Black "jhonycheck"]
[Result "0-1"]
[WhiteElo "1685"]
[BlackElo "1703"]

1. e4 e5 2. Nf3 Nc6 3. a3 Nf6 4. d3 Bc5 5. c3 O-O 6. d4 exd4 7. cxd4 Bb6 8. Nc3
Re8 9. Bg5 h6 10. Bh4 d6 11. Bd3 Nxd4 12. O-O Bg4 13. Be2 Nxe2+ 14. Qxe2 g5 15.
Bg3 Qd7 16. h3 Bh5 17. a4 Ba5 18. Rad1 Bxc3 19. bxc3 Rxe4 20. Qd3 Qxa4 21. Ra1
Qd7 22. Nd2 Re6 23. Bh2 Be2 24. Qb1 Bxf1 25. Nxf1 b6 26. Ne3 a5 27. Ng4 Nxg4 28.
hxg4 Rae8 29. Qf1 Re2 30. f3 Qc6 31. Kh1 Qxc3 32. Bg3 Rc2 33. Re1 Rxe1 34. Bxe1
Rc1 35. Bxc3 Rxf1+ 36. Kh2 c5 37. Bd2 a4 38. Bc3 b5 39. Ba5 b4 40. Bc7 Rd1 41.
Kg3 a3 42. Bd8 b3 43. Be7 b2 44. Bf6 b1=Q 45. Bc3 Qc2 46. Ba5 Rg1 0-1

[Event "AUTO-INT-2465"]
[Site "http://www.queenalice.com/game.php?id=1114200"]
[Date "2012.10.19"]
[Round "1"]
[White "jhonycheck"]
[Black "GuilhermeCXI"]
[Result "1-0"]
[WhiteElo "1523"]
[BlackElo "1691"]

1. d4 d5 2. c4 dxc4 3. e3 Nc6 4. Nf3 Bg4 5. Bxc4 Qd7 6. b4 f6 7. b5 Na5 8. Bd3
O-O-O 9. O-O e5 10. Qa4 b6 11. Bd2 Bxf3 12. gxf3 exd4 13. Bxa5 bxa5 14. Qxa5 Kb8
15. Be4 Bd6 16. Qa6 c5 17. bxc6 Qc7 18. Nd2 dxe3 19. Rab1+ Ka8 20. Rb7 exf2+ 21.
Kh1 1-0

[Event "AUTO-INT-2465"]
[Site "http://www.queenalice.com/game.php?id=1114201"]
[Date "2012.10.19"]
[Round "1"]
[White "GuilhermeCXI"]
[Black "jhonycheck"]
[Result "0-1"]
[WhiteElo "1665"]
[BlackElo "1509"]

1. e4 e5 2. Nf3 Nc6 3. Bc4 Nf6 4. d3 Bc5 5. Nc3 d6 6. Bg5 h6 7. Bh4 g5 8. Nxg5
hxg5 9. Bxg5 Rg8 10. h4 Be6 11. Qf3 Rg6 12. Ne2 Bxc4 13. dxc4 Qe7 14. Ng3 Qe6
15. b3 Nd4 16. Qd3 O-O-O 17. a4 a5 18. Rb1 Rh8 19. c3 Nc6 20. b4 axb4 21. Bxf6
Qxf6 22. cxb4 Qxf2+ 23. Kd1 Rxg3 24. Qf1 Qd4+ 0-1

[Event "AUTO-INT-2491"]
[Site "http://www.queenalice.com/game.php?id=1124296"]
[Date "2012.11.21"]
[Round "1"]
[White "tango2011"]
[Black "jhonycheck"]
[Result "0-1"]
[WhiteElo "1644"]
[BlackElo "1718"]

1. d4 Nf6 2. e3 c5 3. Nf3 e6 4. Bb5 Be7 5. a4 O-O 6. O-O a6 7. Bd3 Nc6 8. c3 d5
9. b3 Qc7 10. Ba3 b6 11. Nbd2 Bb7 12. Qc2 Rac8 13. Rae1 Rfd8 14. Ng5 h6 15. Ngf3
cxd4 16. Bxe7 Qxe7 17. exd4 Nb4 18. Qb1 Rxc3 19. Ne5 Rdc8 20. Be2 Nc2 21. Rc1
Nxd4 22. Bf3 Qb4 23. Qb2 Nxb3 24. Rxc3 Qxc3 25. Qxc3 Rxc3 26. Nb1 Rc5 27. Nd3
Rc4 28. Bd1 Nc5 29. Nxc5 bxc5 30. Bb3 Rb4 31. Nd2 Bc6 32. Ra1 c4 33. Bd1 c3 34.
Nf3 d4 35. a5 Bxf3 36. Bxf3 c2 0-1

[Event "AUTO-INT-2491"]
[Site "http://www.queenalice.com/game.php?id=1124297"]
[Date "2012.11.21"]
[Round "1"]
[White "jhonycheck"]
[Black "tango2011"]
[Result "1-0"]
[WhiteElo "1649"]
[BlackElo "1601"]

1. d4 d5 2. c4 dxc4 3. e3 b5 4. a4 c6 5. axb5 cxb5 6. Qf3 Qc7 7. Qxa8 Nc6 8. Nc3
e6 9. Nxb5 Bb4+ 10. Bd2 Bxd2+ 11. Kxd2 Nge7 12. Nxa7 O-O 13. Nxc6 Nxc6 14. Qa4
Na5 15. Qxa5 Bd7 16. Qxc7 1-0

[Event "AUTO-INT-2491"]
[Site "http://www.queenalice.com/game.php?id=1124306"]
[Date "2012.11.21"]
[Round "1"]
[White "jhonycheck"]
[Black "srvjhym"]
[Result "0-1"]
[WhiteElo "1713"]
[BlackElo "1778"]

1. d4 d5 2. c4 c6 3. Nf3 Nf6 4. Nc3 Bg4 5. Ne5 e6 6. Nxg4 Nxg4 7. e4 Nf6 8. e5
Ne4 9. Nxe4 dxe4 10. Be3 Na6 11. Qc2 Bb4+ 12. Bd2 Qxd4 13. O-O-O Qxe5 14. Bxb4
Nxb4 15. Qb3 c5 16. a3 Nd3+ 17. Bxd3 b6 18. Qb5+ Ke7 19. Rhe1 Rhd8 20. Rxe4 Qxh2
21. Bf1 Rd6 22. Rxd6 Qxd6 23. Re3 Rd8 24. Rd3 Qf4+ 25. Kd1 Qxf2 26. Be2 Qxg2 27.
Qa6 Rxd3+ 28. Bxd3 Qxb2 29. Qxa7+ Kf6 30. Qa4 h5 31. Qc6 g6 32. a4 h4 33. Qe4
Qf2 34. Qa8 h3 35. Qh8+ Kg5 36. Qxh3 e5 37. Qd7 f5 38. Qd8+ Kf4 39. Qxb6 Qd4 40.
Kc2 e4 41. Be2 Ke3 42. Qxg6 Qd2+ 43. Kb3 Qb4+ 44. Kc2 Qxa4+ 45. Kc1 Kxe2 0-1

[Event "AUTO-INT-2491"]
[Site "http://www.queenalice.com/game.php?id=1124307"]
[Date "2012.11.21"]
[Round "1"]
[White "srvjhym"]
[Black "jhonycheck"]
[Result "1-0"]
[WhiteElo "1740"]
[BlackElo "1718"]

1. d4 Nf6 2. c4 e6 3. Nc3 Bb4 4. a3 Bxc3+ 5. bxc3 c5 6. Bg5 Qa5 7. Qc1 cxd4 8.
Bxf6 gxf6 9. Nf3 dxc3 10. e3 Nc6 11. Bd3 b6 12. O-O Bb7 13. Rb1 Rg8 14. Rb5 Qa6
15. Ne1 Ne5 16. Qxc3 Rc8 17. Rb4 Rc5 18. f3 b5 19. Qd4 Nxd3 20. Nxd3 Rcg5 21. g3
bxc4 22. Nc5 Rxc5 23. Qxc5 Rg5 24. Qc7 Bc6 25. Rb8+ Ke7 26. Qd8+ Kd6 27. e4 c3
28. Qf8+ Kc7 29. Rd1 Bd5 30. exd5 exd5 31. Qd8+ 1-0

[Event "AUTO-OPEN-2848"]
[Site "http://www.queenalice.com/game.php?id=1124634"]
[Date "2012.11.21"]
[Round "1"]
[White "jhonycheck"]
[Black "askasl159"]
[Result "1-0"]
[WhiteElo "1685"]
[BlackElo "1589"]

1. d4 e6 2. c4 Bb4+ 3. Bd2 Bxd2+ 4. Qxd2 Nf6 5. Nc3 O-O 6. e4 c6 7. e5 Ne8 8.
Bd3 d5 9. c5 b5 10. Nf3 b4 11. Ne2 a5 12. h4 Ba6 13. Bc2 h6 14. Rh3 f5 15. exf6
Nxf6 16. O-O-O Bxe2 17. Qxe2 Qe7 18. Re1 Nh5 19. Qd3 Nf6 20. Ne5 Rc8 21. Rg3 Kf8
22. Ng6+ Ke8 23. Nxe7 Kxe7 24. Rxg7+ Kf8 25. Qg6 Ra7 26. Qxf6+ Ke8 27. Rxe6+ 1-0

[Event "AUTO-OPEN-2848"]
[Site "http://www.queenalice.com/game.php?id=1124635"]
[Date "2012.11.21"]
[Round "1"]
[White "askasl159"]
[Black "jhonycheck"]
[Result "0-1"]
[WhiteElo "1556"]
[BlackElo "1708"]

1. e4 e5 2. Bc4 Nc6 3. Nf3 Nf6 4. Nc3 Nxe4 5. Nxe4 d5 6. Bxd5 Qxd5 7. d3 Bg4 8.
c4 Qd7 9. O-O O-O-O 10. h3 Bf5 11. Qe2 Qxd3 12. Nc3 Qxe2 13. Nxe2 Bd3 14. Re1
Bxc4 15. Nc3 f6 16. b3 Be6 17. Be3 Bb4 18. Rac1 Rd3 19. Bd2 Rhd8 20. Na4 Bxd2
21. Nxd2 Rxd2 22. Nc5 Bf5 23. a4 Nd4 24. Rc4 b6 25. Ne4 Bxe4 26. Rxe4 Nxb3 27.
Re3 Nc5 28. g4 Ra2 29. h4 Rd1+ 0-1

[Event "AUTO-OPEN-2848"]
[Site "http://www.queenalice.com/game.php?id=1124636"]
[Date "2012.11.21"]
[Round "1"]
[White "jhonycheck"]
[Black "Nacional_kid"]
[Result "0-1"]
[WhiteElo "1687"]
[BlackElo "1789"]

1. d4 d5 2. c4 c6 3. Nc3 dxc4 4. e4 b5 5. a4 b4 6. Nb1 Ba6 7. Be3 e6 8. Qc1 c3
9. Bxa6 Nxa6 10. bxc3 bxc3 11. Nxc3 Bb4 12. Ne2 Nf6 13. O-O Rc8 14. Rd1 Qe7 15.
e5 Nd5 16. Ne4 f5 17. exf6 gxf6 18. Qc4 Nxe3 19. Qxa6 O-O 20. fxe3 f5 21. N4g3
c5 22. dxc5 Bxc5 23. Nd4 Bb6 24. Qd3 Rfd8 0-1

[Event "AUTO-OPEN-2848"]
[Site "http://www.queenalice.com/game.php?id=1124637"]
[Date "2012.11.21"]
[Round "1"]
[White "Nacional_kid"]
[Black "jhonycheck"]
[Result "1-0"]
[WhiteElo "1776"]
[BlackElo "1700"]

1. e4 e5 2. Bc4 Nc6 3. c3 Nf6 4. d3 Bc5 5. a4 a5 6. Nf3 d6 7. Bg5 h6 8. Bd2 O-O
9. h3 Be6 10. Bb5 Ne7 11. d4 exd4 12. cxd4 Bb6 13. Nc3 c6 14. Bd3 Ng6 15. g4 Nh7
16. h4 Bxg4 17. h5 Ne7 18. Ne2 Bxf3 19. Rh3 Bxe2 20. Bxe2 Bxd4 21. Qc2 d5 22. f3
dxe4 23. fxe4 Qb6 24. Rb3 Bf2+ 25. Kf1 1-0

[Event "AUTO-INT-2492"]
[Site "http://www.queenalice.com/game.php?id=1124760"]
[Date "2012.11.21"]
[Round "1"]
[White "alvm"]
[Black "jhonycheck"]
[Result "1-0"]
[WhiteElo "1954"]
[BlackElo "1733"]

1. d4 Nf6 2. c4 c5 3. d5 b5 4. a4 bxc4 5. Nc3 Qa5 6. Bd2 Ba6 7. e4 e6 8. Nb5 Qb6
9. dxe6 dxe6 10. Bxc4 Nbd7 11. Nf3 Nxe4 12. O-O Be7 13. Bf4 Rc8 14. Qc2 Nef6 15.
Rfd1 O-O 16. Nd6 Rc6 17. Bxa6 Qxa6 18. Nc4 Nd5 19. Bg3 Nb4 20. Qe4 Nf6 21. Qf4
Nfd5 22. Qc1 Bf6 23. Nce5 Rcc8 24. Nd7 Rfd8 25. Nxf6+ Nxf6 26. Rxd8+ Rxd8 27.
Qxc5 1-0

[Event "AUTO-INT-2492"]
[Site "http://www.queenalice.com/game.php?id=1124761"]
[Date "2012.11.21"]
[Round "1"]
[White "jhonycheck"]
[Black "alvm"]
[Result "0-1"]
[WhiteElo "1726"]
[BlackElo "1961"]

1. d4 Nf6 2. c4 e6 3. Nc3 d5 4. Nf3 Be7 5. Bg5 O-O 6. Rc1 b6 7. e3 Bb7 8. Be2
Nbd7 9. O-O h6 10. Bf4 dxc4 11. Bxc4 c5 12. Nb5 e5 13. dxe5 Nh5 14. e6 fxe6 15.
Bxe6+ Kh8 16. Bxd7 Nxf4 17. exf4 Bxf3 18. gxf3 Rxf4 19. Bg4 a6 20. Qxd8+ Rxd8
21. Nc3 Rd6 22. Rce1 Bf8 23. Re8 Rg6 24. Nd5 Rf7 25. Kh1 Kh7 26. Bh5 Rf5 27.
Bxg6+ Kxg6 0-1

[Event "AUTO-INT-2492"]
[Site "http://www.queenalice.com/game.php?id=1124776"]
[Date "2012.11.21"]
[Round "1"]
[White "jhonycheck"]
[Black "Jomaley"]
[Result "0-1"]
[WhiteElo "1667"]
[BlackElo "1396"]

1. d4 d5 2. c4 Nf6 3. cxd5 Nxd5 4. e4 Nb6 5. Nc3 c6 6. Nf3 f6 7. Be2 h5 8. e5 a5
9. Qd3 Bg4 10. h3 Bxf3 11. Qg6+ Kd7 12. Bxf3 Rh6 13. Bxh6 gxh6 14. exf6 exf6 15.
O-O h4 16. d5 cxd5 17. Nxd5 Nxd5 18. Rad1 Kc8 0-1

[Event "AUTO-INT-2492"]
[Site "http://www.queenalice.com/game.php?id=1124777"]
[Date "2012.11.21"]
[Round "1"]
[White "Jomaley"]
[Black "jhonycheck"]
[Result "1-0"]
[WhiteElo "1423"]
[BlackElo "1640"]

1. e4 e5 2. Nf3 Nc6 3. c3 Nf6 4. Bd3 d5 5. Qe2 Be7 6. h3 O-O 7. b4 a6 8. a4 Re8
9. g4 dxe4 10. Bxe4 Nxe4 11. Qxe4 Be6 12. O-O Bd5 13. Qd3 e4 14. Qe3 exf3 15. a5
Bg5 16. Qd3 Ne5 17. Qd4 Bc4 18. Na3 1-0

[Event "AUTO-INT-2492"]
[Site "http://www.queenalice.com/game.php?id=1124778"]
[Date "2012.11.21"]
[Round "1"]
[White "jhonycheck"]
[Black "malouco"]
[Result "1-0"]
[WhiteElo "1663"]
[BlackElo "1589"]

1. d4 b6 2. e4 Bb7 3. Nc3 e6 4. Bd3 Bb4 5. Ne2 Bxc3+ 6. Nxc3 Nf6 7. O-O O-O 8.
e5 Ne8 9. Qh5 g6 10. Qh3 Ba6 11. Bh6 Ng7 12. Ne4 Bxd3 13. Nf6+ Kh8 14. Bxg7+
Kxg7 15. Qxh7# 1-0

[Event "AUTO-INT-2492"]
[Site "http://www.queenalice.com/game.php?id=1124779"]
[Date "2012.11.21"]
[Round "1"]
[White "malouco"]
[Black "jhonycheck"]
[Result "0-1"]
[WhiteElo "1580"]
[BlackElo "1697"]

1. b3 e5 2. Bb2 Nc6 3. e3 f5 4. Bb5 Nf6 5. Bxc6 dxc6 6. Bxe5 Ng4 7. Bb2 Bd6 8.
Bxg7 Rg8 9. Bb2 Be6 10. Nf3 Qe7 11. O-O O-O-O 12. d4 Nxh2 13. Nxh2 Bxh2+ 14.
Kxh2 Qh4+ 15. Kg1 Rxg2+ 16. Kxg2 Rg8+ 17. Kf3 Qg4# 0-1